| 000 | 00467nam a2200181Ia 4500 | ||
|---|---|---|---|
| 008 | 131103s9999 xx 000 0 und d | ||
| 040 | _aLoreto College | ||
| 041 | _aEnglish | ||
| 082 |
_a920/OPI _bLCLIB/ |
||
| 100 | _aOpie, June | ||
| 245 |
_aOver my dead body _cJune Opie |
||
| 260 |
_aLondon _bMethuen and co.ltd. _c1957 |
||
| 300 |
_a265p _c 21cm. |
||
| 650 | _aRotorua, Fenwick - Biography | ||
| 651 | _aBiography | ||
| 850 | _aLCLIB/920/OPI | ||
| 942 | _cBK | ||
| 999 |
_c25026 _d75505 |
||